LEADER 01081nam0 22002651i 450 001 UON00185498 005 20260309125659.530 010 $a88-15-03394-7 100 $a20030730d1992 |0itac50 ba 101 $aita 102 $aIT 105 $a|||| 1|||| 200 1 $aQuando la Russia imparņ a leggere$ealfabetizzazione e letteratura popolare 1861-1917$fJeffrey Brooks 210 $aBologna$cIl Mulino$d1992 - 558 p. ; 22 cm. 410 1$1001UON00065711$12001 $aBiblioteca storica 606 $aUnione Sovietica$xCultura$xStoria$3UONC034687$2FI 620 $aIT$dBologna$3UONL000085 700 1$aBrooks$bJeffrey$3UONV107681$0129178 712 $aIl Mulino$3UONV245824$4650 801 $aIT$bSOL$c20260313$gRICA 899 $aSIBA - SISTEMA BIBLIOTECARIO DI ATENEO E ARCHIVIO STORICO$2UONSI 912 $aUON00185498 950 $aSIBA - SISTEMA BIBLIOTECARIO DI ATENEO E ARCHIVIO STORICO$dSI F 0023 $eSI SC 25468 5 0023 996 $aQuando la Russia imparņ a leggere$9145627 997 $aUNIOR